| 000 | 00900nam a22001337a 4500 | ||
|---|---|---|---|
| 040 | _cNUST | ||
| 082 | _a621.38412,AMO | ||
| 100 |
_aAmos, S. W _957358 |
||
| 245 |
_aPrinciples of transistor circuits : introduction to the design of amplifiers, receivers, and digital circuits / _cS.W. Amos, B.SC. (HONS), A.M.I.E.E |
||
| 260 |
_aLondon _bJohn F. Rider _c1959 |
||
| 300 | _a167 p.; | ||
| 505 | _aSemi-Conduction and Junction Diodes (Page-10, Basic Principles of Point-Contact and Junction Transistors (Page-150, Common-Base Amplifiers (Page-39), Common-emitter Amplifier (Page-56), Common-Collector Amplifiers (Page-73), Basic Stabilisation (Page-38), Small-Signal Amplifiers (Page-104), Large-Signal Amplifiers (Page-123), Transistor Superheterodyne Receivers (Page-1370, Other Application of Transistors and Other Type of Transistors (Page-153), Index (Page-167). | ||
| 942 |
_2ddc _cBK _k621.38412,AMO |
||
| 999 |
_c595412 _d595412 |
||